|
|
|
|
| LEADER |
00000nas a2200000 a 4500 |
| 001 |
ssj0000403150 |
| 003 |
WaSeSS |
| 005 |
20200512172242.0 |
| 006 |
m d |
| 007 |
cr n |
| 008 |
950630c19uu9999fr gr ss i0 0eng c |
| 010 |
|
|
|a sn 95043295
|
| 022 |
|
|
|a 1999-1460
|
| 035 |
|
|
|a (WaSeSS)ssj0000403150
|
| 040 |
|
|
|a WAU
|b eng
|c WAU
|d OCL
|d OCLCQ
|d OCLCF
|d OCLCO
|d OCLCQ
|d OCLCA
|d WaSeSS
|
| 041 |
0 |
|
|a eng
|g eng
|g fre
|
| 042 |
|
|
|a pcc
|
| 050 |
1 |
4 |
|a HE7601
|b .O323
|
| 245 |
0 |
0 |
|a OECD communications outlook
|h [electronic resource].
|
| 246 |
1 |
|
|i Title on disk label:
|a Communications outlook =
|b Perspectives des communications
|
| 246 |
3 |
1 |
|a Perspectives des communications
|
| 260 |
|
|
|a Paris, France :
|b OECD
|
| 310 |
|
|
|a Biennial
|
| 490 |
1 |
|
|a Information, computer and communications policy =
|a Politiques d'information, d'informatique et des communications
|
| 500 |
|
|
|a "OECD Statistics/Statistiques de l'OCDE."
|
| 500 |
|
|
|a Accompanied by decompression/viewing software: STARS.
|
| 506 |
|
|
|a License restrictions may limit access.
|
| 515 |
|
|
|a Data covers period from 1980.
|
| 516 |
|
|
|a Compressed files.
|
| 538 |
|
|
|a System requirements: IBM-PC or compatible system.
|
| 556 |
8 |
|
|a Accompanied by user manual and STARS user's guide in both English and French.
|
| 580 |
|
|
|a Data also available in print publication: Communications outlook.
|
| 580 |
|
|
|a Also issued with: Communications outlook. OECD tariff comparison model.
|
| 588 |
|
|
|a Description based on: 1993; title from title screen.
|
| 650 |
|
0 |
|a Telecommunication
|v Statistics
|v Databases.
|
| 650 |
|
7 |
|a Telecommunication.
|2 fast
|0 (OCoLC)fst01145830
|
| 655 |
|
0 |
|a Electronic journals.
|
| 710 |
2 |
|
|a Organisation for Economic Co-operation and Development.
|
| 777 |
1 |
|
|t Communications outlook. OECD tariff comparison model
|w (DLC)sn 95043296
|
| 787 |
1 |
|
|t Communications outlook
|w (DLC) 92641286
|w (OCoLC)22878967
|
| 830 |
|
0 |
|a Information, computer, communications policy.
|
| 850 |
|
|
|a WaU
|
| 856 |
4 |
0 |
|z Full text available from Research Library: 01/01/2011 to 12/31/2011
|u https://search.proquest.com/publication/2026407
|
| 856 |
4 |
0 |
|z Full text available from Research Library: 01/01/2013 to 01/31/2013
|u https://search.proquest.com/publication/2026407
|